000 00558cam a22002171 4500
001 sa 63003845
003 DLC
005 20260227111944.0
008 890630s1963 ii a 000 1 hino
010 _asa 63003845
035 _a(OCoLC)19956006
040 _aDLC
_cWaU
_dDLC
042 _apremarc
050 0 0 _aPK2077
_b.V5
100 0 _aVijaya Canda.
245 1 0 _aSvatantratā ke bāda kī sarvaśreshṭha Hindī kahāniyām̐.
260 _c[1963]
300 _a272 p.
_billus.
_c19 cm.
500 _aIn Hindi.
650 0 _aShort stories, Hindi.
999 _c55324
_d55324